| 000 | 00330nam a2200121Ia 4500 | ||
|---|---|---|---|
| 999 |
_c1987 _d1987 |
||
| 020 | _a1-888777-01-X | ||
| 082 | _aRR 423 NEW | ||
| 245 | 0 | _aNew international Webster's student dictionary of the English language | |
| 260 |
_aU.S.A. _bTrident Press International _c1996 |
||
| 300 | _a863p. | ||
| 700 | _aLandau, Sidney I. | ||
| 942 | _cBK | ||